Classic Game Boy Color Games by Screenshot - Statistics

General Stats
  • This quiz has been taken 141 times
  • The average score is 14 of 20
Answer Stats
Picture Answer % Correct
Pokémon Gold/Silver/Crystal
98%
Tetris DX
95%
Donkey Kong Country
90%
Street Fighter Alpha: Warriors' Dreams
90%
Mega Man Xtreme
87%
Rayman
87%
Bomberman Quest
83%
Kirby Tilt 'n' Tumble
83%
Mortal Kombat 4
83%
The Legend of Zelda: Oracle of Seasons
83%
Wario Land 3
81%
Tomb Raider
73%
Metal Gear Solid: Ghost Babel
67%
Pokémon Pinball
66%
Asterix & Obelix
57%
Mario Tennis
53%
Shantae
52%
Harvest Moon
50%
Harry Potter and the Philosopher's Stone
37%
Micro Machines 1 and 2: Twin Turbo
23%
No matching quizzes found
Score Distribution
Percent of People with Each Score
Percentile by Number Answered
Your Score History
You have not taken this quiz